| 000 | 01620 a2200217 4500 | ||
|---|---|---|---|
| 003 | Nust | ||
| 005 | 20221010140421.0 | ||
| 010 | _a 73003892 | ||
| 020 | _a002344360X | ||
| 040 | _cNust | ||
| 082 | 0 | 0 | _a540,GOL |
| 100 | 1 |
_aGoldberg, David E. _956465 |
|
| 245 | 1 | 0 |
_aCollege chemistry _c[by] David E. Goldberg [and] Clyde R. Dillard. |
| 260 |
_aNew York, _bMacmillan _c[1974] |
||
| 300 |
_axviii, 634 p. _billus. _c23 cm. |
||
| 490 | 0 | _aA Series of books in chemistry | |
| 505 | _aIntroduction (Page-1), Chemical Formulas (Page-31), Stoichiometry (Page-55), Gases (Page-77), Energy Relationship in Chemical Reactions (Page-92), Oxidation and Reduction (Page-118), Electrochemistry (Page-133), Experimental Basis for the Atomic Theory (Page-159), Electronic Structure of the Atom (Page-185), Chemical Bonding (Page-210), Some Relationships Between Properties and Structure (Page-243), Kinetics and Equilibria (Page-276),Acid Base Equilibria in Aqueous Solution (Page-294), Further Concepts of Equilibrium (Page-316), Trends Towards Equilibrium (Page-333), The Kinetic Molecular Theory (Page-247), Collision Theory of Reaction Rates (Page-363), Liquids (Page-375), Solutions (Page-388),Crystalline Solids, Metals and Metallurgy (Page-414), Coordination Compounds (Page-446), Nuclear Chemistry and Radiochemistry (Page-474), Chemistry of the Nonmetals (Page-497), Compounds of the Metals (Page-542), Organic Chemistry and Biochemistry (Page-571). | ||
| 650 | 0 | _aChemistry. | |
| 700 | 1 |
_aDillard, Clyde R., _d1920- _999696 |
|
| 942 |
_2ddc _cBK |
||
| 999 |
_c183315 _d183315 |
||